Primeros registro de Micrasterias (<Desmidiaceae>) en lagos del río Amazonas Colombia (Registro nro. 14519)

Detalles MARC
000 -CABECERA
Campo de control 003820000a22001210004500
090 ## - CLASIFICACIÓN LOCAL
Colección AS
Consecutivo Seriadas
041 0# - IDIOMA
Código de idioma para texto/pista de sonido o título separado
100 1# - ASIENTO PRINCIPAL--NOMBRE PERSONAL
Nombre personal Duque Escobar, Santiago
245 10 - MENCION DE TITULO
Título Primeros registro de Micrasterias (<Desmidiaceae>) en lagos del río Amazonas Colombia
700 1# - ASIENTO SECUNDARIO - NOMBRE PERSONAL
Nombre personal Donato R., John Charles
773 1# - Item fuente:
Título Caldasia
Especificación de materiales 45
Descripción física 2
Paginas del Articulo 354-355
Lugar, editorial y fecha de publicación 1993
Información sobre la relación 17
942 ## - ELEMENTOS ADICIONALES (KOHA)
Tipo de ítem Artículo

No hay ítems disponibles.